000 00357 a2200133 4500
082 _a624.1762
_bSEI
100 _aACE
_942982
245 _aEXCERPTS FORM UBC-97 & ACI-318
260 _aKARACHI
_bSEISMIC ZONE FOR KARACHI-2B
_c1999
300 _aVARIABLE PAGES
_c25 CM
500 _aSEISMIC
526 _a0
_b0
_c0
_d624_176200000000000_SEI
942 _2ddc
_cBKB
999 _c546792
_d546792